00375nam a2200109Ia 4500008004100000082000800041100002200049245007800071942000600149952009500155999001500250240331s9999 xx 000 0 und d bWOM aLAtin America. ed 0aWomen of the world :blaws and polices affecting their reproductive lives cL 001040708LaWERCLbWERCLcSSCd2024-03-31l0o 305 WOMp4542r2024-03-31w2024-03-31yL c5415d5415